000 00917nam a22002057a 4500
003 OSt
005 20170608093111.0
008 140214b2016 slv spa
040 _cBMC
082 _a630.7284
100 1 _939361
_aSalinas Portillo, Luis Alfredo
245 1 0 _aPasantía en Universidad Católica de El Salvador Centro Regional de Ilobasco (UNICAES CRI)
_b: Informe final
_cLuis Alfredo Salinas Portillo
260 _aSanta Ana (El Salvador)
_bUniversidad Católica de El Salvador
_c2016
300 _a71 h.
_c27 cm
_e+ 1 disco compacto
500 _aPrecede al tít.: Universidad Católica de El Salvador, Facultad de Ingeniería y Arquitectura
502 _aTrabajo de graduación para optar al grado académico de Ingeniero Agrónomo
650 2 4 _933273
_aAgronomía
_zEl Salvador
710 2 _91166
_aUniversidad Católica de El Salvador
_bFacultad de Ingeniería y Arquitectura
942 _2ddc
_cTG
999 _c25413
_d25413